000 01368nam0a22003011 4500
001 v19\rc\1627702
005 20260406113821.0
035 _a(NLR Aleph) 005229075
090 _a5585704
_c5585704
100 _a20061002d1899 |||y0rusy50 ca
101 0 _arus
102 _aRU
105 _ay z |||a|
200 1 _aОсенние листья
_eОчерки и рассказы
_fД.Н. Мамин-Сибиряк
210 _aМосква
_cМ.В. Клюкин
_d1899
215 _a307, [1] с.
_d19
327 1 _aСодерж.: Кто хуже?; Гусь; Встреча; Запоздавшая весна; Забытый альбом; Осенние листья; Безделушка; Ученое горе
464 0 _12001#$aКто хуже?$aГусь$aВстреча$aЗапоздавшая весна$aЗабытый альбом$aОсенние листья$aБезделушка$aУченое горе
_tУченое горе
532 1 3 _aОсенние листья
700 1 _8rus
_7ca
_aМамин-Сибиряк
_bД. Н.
_f1852-1912
_gДмитрий Наркисович
_3RU\NLR\AUTH\77149
_9110226
801 2 _aRU
_bNLR
_c20090922
_2rusmarc
801 0 _aRU
_bNLR
_c20061002
_gpsbo
801 0 _aRU
_bRuMoRGB
_c20061002
_2psbo
801 1 _aRU
_bProSoft-M
_c20061002
_2rusmarc
852 _aNLR
_j20.48.2.14
942 _cBOOK
980 _aNB